Bryce 4 f/x and design
| Main Author: | |
|---|---|
| Format: | Book |
| Published: |
Scottsdall, Arizona :
Coriolis Group Books ,
1999
|
| Subjects: |
MARC
| LEADER | 00000cam a2200000 7i4500 | ||
|---|---|---|---|
| 001 | 0000009693 | ||
| 005 | 20050418.0 | ||
| 020 | |a 1576104826 | ||
| 040 | |a INS | ||
| 090 | 0 | 0 | |a T385. |b M6687 1999 |
| 100 | 1 | |a Mortier, R. Shamms | |
| 245 | 1 | 0 | |a Bryce 4 f/x and design |c R. Shamms Mortier |
| 260 | |a Scottsdall, Arizona : |b Coriolis Group Books , |c 1999 | ||
| 300 | |a 338p. ; |c 26cm + 1 computer optical disc (4 3/4 in). | ||
| 650 | 0 | 0 | |a Computer animation |
| 650 | 0 | 0 | |a Computer graphics |
| 650 | 0 | 0 | |a KPT Bryce |
| 999 | |a 0000008261 |b BOOK |c Open Shelf |e Default branch | ||